Normal view
MARC view
- Dr. Hamood-ur-Rahman
Entry Personal Name
001 - CONTROL NUMBER
- control field: 31458
003 - CONTROL NUMBER IDENTIFIER
- control field: NUST
005 - DATE AND TIME OF LATEST TRANSACTION
- control field: 20201014100159.0
008 - FIXED-LENGTH DATA ELEMENTS
- fixed length control field: 201014|| aca||aabn | a|a d
040 ## - CATALOGING SOURCE
- Original cataloging agency: NUST
- Transcribing agency: NUST
100 ## - HEADING--PERSONAL NAME
- Personal name: Dr. Hamood-ur-Rahman
670 ## - SOURCE DATA FOUND
- Source citation: Work cat.: (NUST): Iqbal, Muhammad Naeem 31457, A Novel CPW Fed Super Wideband Heptagonal Fractal Monopole Antenna /, 2013.
